000 00862nam a2200229 a 4500
001 39220
003 BD-RjUL
005 20211209052938.0
008 160406s2011 b ||||e |||| 000 0 ben d
020 _a98483095181
_cTK.250.00
035 _a(BD-RjUL) 39332
040 _aBD-RjUL
_bben
_cBD-RjUL
041 _aben
082 _223
_a891.443
_bGUO 2011
100 _aগুপ্ত, ক্ষেত্র
_9117891
245 1 0 _aঔপন্যাসিক মানিক বন্দ্যোপাধ্যায় /
_cক্ষেত্র গুপ্ত
260 _aঢাকা :
_bবিশ্বসাহিত্য ভবন,
_c২০১১
300 _a২৮০ পৃ. :
_bচিত্র ;
_c২২ সেমি.
650 _aবাংলা উপন্যাস
_9120950
650 _aBengali Fiction
_9120951
942 _2ddc
_cBK
_02
999 _c39220
_d39220